Cities of Europe Quiz 7 - Statistics

General Stats
  • This quiz has been taken 14 times
  • The average score is 10 of 22
Answer Stats
Hint Answer % Correct
What city was formerly known as Leningrad Saint Petersburg
100%
2nd largest city of the netherlands Rotterdam
86%
largest city situated along the danube river Budapest
79%
Home to the unique Guggenheim Museum Bilbao
71%
Capital city of Tuscany Florence
71%
Capital of Slovensko Bratislava
64%
Largest European city along the MediterraneanSea Marseille
64%
2nd largest city in Albania Durres
57%
What city was the largest city in Louisiana(USA) named after? Orleans
57%
What city in France shares the namewith a city in Belarus Brest
50%
Capital city of North Rhine-Westphalia Dusseldorf
50%
Site of Diocletian's palace Split
50%
Where king James I was born Edinburgh
36%
Famous ancient city on Crete, capital of the Minoan civilisation Knossus
36%
Where was Angela Merkle born Hamburg
29%
Where is Wawel Castle Krakow
29%
1st largest city in San Marino Serravalle
29%
City fully in Europe with the largest Muslim population London
21%
Smallest city in England Wells
21%
Spanish City (with over 100,000 people) with highest elevationin Europe Burgos
7%
Capital city of Masovia Warsaw
7%
The 'city of 100 spires' Prague
0%
No matching quizzes found
Score Distribution
Percent of People with Each Score
Percentile by Number Answered
Your Score History
You have not taken this quiz